Flags of Provinces and Territories of Canada - Statistics

General Stats
  • This quiz has been taken 1,696 times
  • The average score is 10 of 13
Answer Stats
Picture Answer % Correct
Quebec
96%
British Columbia
85%
Nunavut
85%
Ontario
82%
Nova Scotia
80%
Manitoba
78%
Alberta
77%
Prince Edward Island
77%
Saskatchewan
73%
New Brunswick
72%
Yukon
72%
Newfoundland and Labrador
71%
Northwest Territories
66%
No matching quizzes found
Score Distribution
Percent of People with Each Score
Percentile by Number Answered
Your Score History
You have not taken this quiz